00604nam a2200181 a 450000100100000000500170001000800410002702000180006804000250008610000250011124000330013624500760016926000420024530000210028750000700030850000160037870000280039400001355020200929163251.0091125s2006 sp 000 0 spa d a9788493473914 aDO-SdBNPbspacBNPHU1 aMaugham, W. Somerset10aThe narrow cornerlEspañol10aEl estrecho rincón /cW. Somerset Maugham ; traductor Eduardo Rabasa. aMadrid :bSextopiso Editorial,c2006. a243 p. ;c22 cm. aIncluye datos biográficos del autor en la solapa de la cubierta aTítulo de1 aRabasa, Eduardo,etrad.